000 00313nam a2200145Ia 4500
100 _aLeon Alexis/ Thomas/ Gibu
250 _a3
942 _cBK
654 _aIBM
245 _aIBM mainframe and year 2000 solutions
260 _bComDex
_aReading
_c1998
300 _a875
546 _aENGLISH
999 _c26508
_d26508